| 000 | 00374pab a2200157 454500 | ||
|---|---|---|---|
| 008 | 180718b1997 xxu||||| |||| 00| 0 eng d | ||
| 100 | _aSubrahmanyam, K. | ||
| 245 | _aThe Jain Commission report | ||
| 260 | _c1997 | ||
| 300 | _ap.10 | ||
| 362 | _a27 Nov | ||
| 650 | _aIndia - Politics and government | ||
| 650 | _aViolence | ||
| 773 | _aEconomic Times | ||
| 909 | _a36473 | ||
| 999 |
_c36473 _d36473 |
||